Geometrical researches on the theory of parallels

Gorde:
Xehetasun bibliografikoak
Egile nagusia: Lobachevski, Nicholas (autor)
Formatua: Liburua
Hizkuntza:ingelesa
Argitaratua: LaSalle Open Court Publishing Company 1914
Gaiak:
Etiketak: Etiketa erantsi
Etiketarik gabe, Izan zaitez lehena erregistro honi etiketa jartzen!

MARC

LEADER 00000cam a2200000 a 4500
001 UCF2459
003 CL-VaPUC
008 120824e19140000US |||||||||||||||||eng|d
082 0 4 |a 516.9  |b LOB  |2 21 
100 |a Lobachevski, Nicholas  |e autor  |9 564104 
245 1 0 |a Geometrical researches on the theory of parallels 
300 |a 50 p 
942 |c BK 
945 |d 20120824 00:00:00  |a dcastane 
260 |a LaSalle  |b Open Court Publishing Company  |c 1914 
650 0 |a Geometría no euclideana  |9 422133 
583 |a last modification  |c 20120824 12:41:00  |k Rodrigo Vera 
999 |c 349020  |d 349018 
952 |0 0  |1 0  |4 0  |6 516_900000000000000_LOB_1914  |7 0  |8 A  |9 451396  |a BIBMAT  |b BIBMAT  |d 2019-11-22  |i 4889126  |o 516.9 LOB 1914  |p 4889126  |r 2025-01-07  |w 2019-11-22  |y BK  |k MAT